| 000 | 00751nam a2200229 a 4500 | ||
|---|---|---|---|
| 005 | 20231017063736.0 | ||
| 008 | 070123s2004 mx r 000 0 spa d | ||
| 020 | _a9682324831 | ||
| 035 | _aUPN01000148793 | ||
| 049 | _aCG | ||
| 050 | 4 |
_aJL1281 _bD8.3 |
|
| 100 | 1 | _aDurand Ponte, Víctor Manuel | |
| 245 | 1 | 0 |
_aCiudadanía y cultura política : _bMéxico, 1993-2001 / _cVíctor Manuel Durand Ponte. |
| 260 |
_aMéxico : _bSiglo XXI, _c2004. |
||
| 300 |
_a354 p. : _bcuadros, gráfs. |
||
| 440 | 0 | _aSociología y política | |
| 650 | 4 |
_aCULTURA POLITICA - _zMEXICO _912741 |
|
| 650 | 4 |
_aDemocracia _zMéxico _913249 |
|
| 650 | 4 |
_aParticipación política _zMéxico _912975 |
|
| 651 | 4 |
_aMéxico _xPolítica y gobierno _y1988- _95575 |
|
| 905 | _aLibro | ||
| 999 |
_c120934 _d120934 |
||